Loading...
| Science - Physics | 0 | 1 | 0 | 1 | 10 | 81 | 81.00 | 1 | 1 |
| History - American History | 0 | 1 | 0 | 0 | 10 | 126 | 126.00 | 0 | 1 |
| Science - Biology | 0 | 1 | 0 | 0 | 10 | 122 | 122.00 | 1 | 1 |
| Science - Other Science | 0 | 1 | 0 | 0 | 10 | 127 | 127.00 | 0 | 1 |
| Fine Arts - Painting and Sculpture | 0 | 1 | 0 | 0 | 10 | 134 | 134.00 | 1 | 1 |
| Literature - American Literature | 0 | 1 | 0 | 0 | 10 | 92 | 92.00 | 1 | 1 |
| Mythology | 0 | 1 | 0 | 0 | 10 | 144 | 144.00 | 0 | 1 |
| Philosophy | 0 | 1 | 0 | 0 | 10 | 82 | 82.00 | 1 | 1 |
| Pop Culture | 0 | 1 | 0 | 0 | 10 | 87 | 87.00 | 1 | 1 |
| Religion | 0 | 1 | 0 | 0 | 10 | 134 | 134.00 | 0 | 1 |
| Science - Chemistry | 0 | 0 | 0 | 0 | 0 | 0.00 | 0 | 0 | |
| Literature - British Literature | 0 | 0 | 0 | 0 | 0 | 0.00 | 0 | 0 | |
| History - Other History | 0 | 0 | 1 | 0 | -5 | 0.00 | 0 | 0 |